[Event "Guernsey Holiday op"]
[Site "Guernsey"]
[Date "2002.10.26"]
[Round "7"]
[White "Harnden, Terry"]
[Black "Lops, Michael"]
[Result "1/2-1/2"]
[WhiteElo "1500"]
[BlackElo "1400"]
[PlyCount "36"]
[EventDate "2002.10.20"]
[EventType "swiss"]
[EventRounds "7"]
[EventCountry "GCI"]
[SourceTitle "EXT 2004"]
[Source "ChessBase"]
[SourceDate "2003.11.25"]
[SourceVersion "1"]
[SourceVersionDate "2003.11.25"]
[SourceQuality "1"]

1. e4 e6 2. d4 b6 3. Nf3 Bb7 4. Be2 g6 5. h3 Bg7 6. e5 d6 7. Bf4 dxe5 8. dxe5 Qxd1+ 9. Bxd1 Ba6 10. Nc3 Ne7 11. Be2 Bxe2 12. Nxe2 0-0 13. 0-0 c5 14. c4 Nbc6 15. a3 Rfe8 16. Rad1 h6 17. b3 Na5 18. Nc1 Nac6 1/2-1/2

[Event "Guernsey Holiday op"]
[Site "Guernsey"]
[Date "2002.10.20"]
[Round "1"]
[White "Lops, Michael"]
[Black "Cross, Ian K"]
[Result "1/2-1/2"]
[WhiteElo "1400"]
[BlackElo "1648"]
[PlyCount "54"]
[EventDate "2002.10.20"]
[EventType "swiss"]
[EventRounds "7"]
[EventCountry "GCI"]
[SourceTitle "EXT 2004"]
[Source "ChessBase"]
[SourceDate "2003.11.25"]
[SourceVersion "1"]
[SourceVersionDate "2003.11.25"]
[SourceQuality "1"]

1. e4 d5 2. exd5 Nf6 3. Nc3 Nxd5 4. Nxd5 Qxd5 5. Nf3 Nc6 6. Be2 e5 7. d3 Be7 8. 0-0 Bg4 9. Be3 0-0 10. c3 Rad8 11. b3 Bf6 12. Qc2 Bf5 13. Rad1 e4 14. dxe4 Qxe4 15. Qxe4 Bxe4 16. Rxd8 Rxd8 17. Rc1 a6 18. a3 h6 19. h3 Ne7 20. Bd4 Bxd4 21. Nxd4 c5 22. Nf3 Nc6 23. b4 cxb4 24. cxb4 Nd4 25. Nxd4 Rxd4 26. Rc4 Rxc4 27. Bxc4 b5 1/2-1/2